[Event "NATO-ch 32nd"]
[Site "Tartu"]
[Date "2022.07.01"]
[Round "7"]
[White "Randall, Gordon J"]
[Black "Ntalampiras, Spyros"]
[Result "1-0"]
[WhiteElo "1954"]
[BlackElo "1815"]
[PlyCount "159"]
[EventDate "2022.06.27"]
[EventType "swiss"]
[EventRounds "7"]
[EventCountry "EST"]
[SourceTitle "CBM 209 Extra"]
[Source "ChessBase"]
[SourceDate "2022.09.30"]
[SourceVersion "1"]
[SourceVersionDate "2022.09.30"]
[SourceQuality "1"]

1. d4 Nf6 2. c4 g6 3. Nc3 Bg7 4. e4 d6 5. Nge2 0-0 6. Ng3 e5 7. d5 a5 8. Be2 Na6 9. h4 h5 10. Bg5 Qe8 11. Qd2 Nc5 12. 0-0-0 Ng4 13. Rdf1 Kh7 14. f3 Nh6 15. Nb5 Qd7 16. Bd1 c6 17. Nc3 f6 18. Be3 b6 19. Kb1 Ba6 20. b3 Rab8 21. f4 exf4 22. Bxf4 Nf7 23. Qe2 Rfe8 24. Bc2 b5 25. e5 Nxe5 26. Bxg6+ Nxg6 27. Qxh5+ Kg8 28. Qxg6 Qf7 29. Qxf7+ Kxf7 30. Bxd6 Nxb3 31. axb3 Rbd8 32. Nf5 bxc4 33. Bc7 Rd7 34. Nd6+ Rxd6 35. Bxd6 cxd5 36. Rd1 Re3 37. Nxd5 Rxb3+ 38. Kc2 f5 39. Rhf1 Rb2+ 40. Kc1 c3 41. Rg1 Be2 42. Nf4 Bxd1 43. Rxd1 c2 44. Rd5 a4 45. Rxf5+ Ke8 46. Be5 Rb5 47. Nd3 a3 48. Kxc2 a2 49. Bxg7 Rxf5 50. g4 Ra5 51. Ba1 Ra4 52. Ne5 Re4 53. Kb3 Re2 54. Bb2 Kf8 55. Kxa2 Kg8 56. Kb3 Re4 57. Bc3 Kh7 58. Kc2 Re2+ 59. Kd3 Rh2 60. Nf3 Rg2 61. Ne5 Rh2 62. Be1 Rh1 63. Bf2 Rh2 64. Ke3 Rh3+ 65. Kf4 Rh2 66. Kg3 Rh1 67. h5 Rb1 68. Kh4 Rb5 69. Bg3 Rb3 70. Bf4 Rb4 71. Kg5 Rb5 72. Kf5 Rb1 73. g5 Rh1 74. h6 Rh5 75. Ng4 Rh4 76. Nf6+ Kh8 77. Ng4 Rh1 78. g6 Rh5+ 79. Bg5 Rh1 80. g7+ 1-0

[Event "NATO-ch 32nd"]
[Site "Tartu"]
[Date "2022.06.30"]
[Round "6"]
[White "Onley, David E"]
[Black "Randall, Gordon J"]
[Result "1-0"]
[WhiteElo "2083"]
[BlackElo "1954"]
[PlyCount "57"]
[EventDate "2022.06.27"]
[EventType "swiss"]
[EventRounds "7"]
[EventCountry "EST"]
[SourceTitle "CBM 209 Extra"]
[Source "ChessBase"]
[SourceDate "2022.09.30"]
[SourceVersion "1"]
[SourceVersionDate "2022.09.30"]
[SourceQuality "1"]

1. e4 c6 2. d4 d5 3. exd5 cxd5 4. Bd3 Nc6 5. c3 Qc7 6. h3 g6 7. Nf3 Bf5 8. 0-0 Nf6 9. Re1 Bxd3 10. Qxd3 Bg7 11. Nbd2 Nh5 12. Nf1 Rd8 13. Be3 0-0 14. Rad1 Rfe8 15. N1h2 Nf6 16. Bc1 Nd7 17. Ng4 Qd6 18. Nh6+ Kf8 19. Qd2 f6 20. h4 e6 21. h5 g5 22. Qd3 Bxh6 23. Qxh7 Bg7 24. h6 Re7 25. Re3 Bxh6 26. Qxh6+ Rg7 27. Nxg5 fxg5 28. Rxe6 Qb8 29. Rg6 1-0

[Event "NATO-ch 32nd"]
[Site "Tartu"]
[Date "2022.06.28"]
[Round "3"]
[White "Randall, Gordon J"]
[Black "O'Byrne, Daniel"]
[Result "1-0"]
[WhiteElo "1954"]
[BlackElo "1664"]
[PlyCount "59"]
[EventDate "2022.06.27"]
[EventType "swiss"]
[EventRounds "7"]
[EventCountry "EST"]
[SourceTitle "CBM 209 Extra"]
[Source "ChessBase"]
[SourceDate "2022.09.30"]
[SourceVersion "1"]
[SourceVersionDate "2022.09.30"]
[SourceQuality "1"]

1. d4 Nf6 2. c4 e5 3. dxe5 Ne4 4. a3 Bc5 5. e3 d6 6. Qd5 Ng5 7. exd6 Bxd6 8. e4 Ne6 9. Nc3 c6 10. Qd1 0-0 11. Nf3 Qc7 12. Be2 Re8 13. 0-0 Nc5 14. Qc2 Bg4 15. h3 Bh5 16. Be3 Bg6 17. Nd2 Nbd7 18. f4 f6 19. b4 Na6 20. c5 Bf8 21. Bc4+ Bf7 22. Bxf7+ Kxf7 23. Qb3+ Ke7 24. Nf3 Kd8 25. Rad1 Kc8 26. Qf7 Rd8 27. Nd4 Ndb8 28. Ne6 Rxd1 29. Rxd1 Qd7 30. Qxf8+ 1-0

[Event "NATO-ch 31st"]
[Site "Blankenberge"]
[Date "2021.10.13"]
[Round "4.30"]
[White "Bublys, Vaidotas"]
[Black "Randall, Gordon J"]
[Result "0-1"]
[WhiteElo "1838"]
[BlackElo "1949"]
[PlyCount "68"]
[EventDate "2021.10.11"]
[EventType "team-swiss"]
[EventRounds "7"]
[EventCountry "BEL"]
[SourceTitle "CBM 204 Extra"]
[Source "ChessBase"]
[SourceDate "2021.11.30"]
[SourceVersion "1"]
[SourceVersionDate "2021.11.30"]
[SourceQuality "1"]
[WhiteTeam "Lithuania"]
[BlackTeam "United States"]
[WhiteTeamCountry "LTU"]
[BlackTeamCountry "USA"]

1. d4 Nf6 2. c4 c5 3. d5 e6 4. Nc3 exd5 5. cxd5 d6 6. Nf3 g6 7. Bg5 Bg7 8. Nd2 h6 9. Bh4 g5 10. Bg3 Nh5 11. Qa4+ Kf8 12. Qc2 f5 13. h4 Nxg3 14. fxg3 Na6 15. a3 Nc7 16. e3 Qe7 17. Kf2 f4 18. gxf4 gxf4 19. e4 Bd4+ 20. Ke2 b5 21. Nf3 Bg4 22. Ke1 Bf6 23. Bxb5 Bxc3+ 24. Qxc3 Qxe4+ 25. Be2 Kf7 26. Qc4 Rhe8 27. Qxe4 Rxe4 28. Kf2 Rb8 29. Rab1 Kf6 30. Bd3 Re3 31. Bc4 Bf5 32. a4 Bxb1 33. Rxb1 Rc3 34. Bb5 Rc2+ 0-1

[Event "NATO-ch 30th"]
[Site "Berlin"]
[Date "2019.09.20"]
[Round "7.30"]
[White "Ivbulis, Martins"]
[Black "Randall, Gordon J"]
[Result "0-1"]
[WhiteElo "1795"]
[BlackElo "1975"]
[PlyCount "79"]
[EventDate "2019.09.14"]
[EventType "team-swiss"]
[EventRounds "7"]
[EventCountry "GER"]
[SourceTitle "EXT 2020"]
[Source "ChessBase"]
[SourceDate "2019.10.17"]
[SourceVersion "1"]
[SourceVersionDate "2019.10.17"]
[SourceQuality "1"]
[WhiteTeam "Latvia"]
[BlackTeam "United States"]
[WhiteTeamCountry "LAT"]
[BlackTeamCountry "USA"]

1. d4 Nf6 2. Nc3 c5 3. d5 d6 4. e4 g6 5. f4 Bg7 6. Nf3 0-0 7. a4 e6 8. Bc4 exd5 9. Bxd5 Nxd5 10. Qxd5 Nc6 11. Be3 Nd4 12. Bxd4 Be6 13. Qxb7 cxd4 14. Nb5 Qa5+ 15. Kf2 Rfb8 16. Qe7 a6 17. f5 gxf5 18. exf5 Bxf5 19. Nxd6 Bg6 20. Ne4 Qb6 21. a5 Qc6 22. Ned2 Bf6 23. Ne5 Qxc2 24. Qxf6 Qxd2+ 25. Kg3 Rxb2 26. Ng4 Qxg2+ 27. Kh4 h5 28. Rag1 Qe4 29. Kg5 Kh7 30. Qxf7+ Bxf7 31. Nf6+ Kg7 32. Nxe4 Bg6 33. Kf4 Rf8+ 34. Ke5 Re2 35. Kd5 Rf5+ 36. Kxd4 Rf4 37. Rg5 Rf5 38. Rxf5 Bxf5 39. Rg1+ Kh6 40. h4 0-1

[Event "NATO-ch 30th"]
[Site "Berlin"]
[Date "2019.09.18"]
[Round "4.17"]
[White "Andersen, Hans Christoph"]
[Black "Randall, Gordon J"]
[Result "1-0"]
[WhiteElo "2201"]
[BlackElo "1975"]
[PlyCount "65"]
[EventDate "2019.09.14"]
[EventType "team-swiss"]
[EventRounds "7"]
[EventCountry "GER"]
[SourceTitle "EXT 2020"]
[Source "ChessBase"]
[SourceDate "2019.10.17"]
[SourceVersion "1"]
[SourceVersionDate "2019.10.17"]
[SourceQuality "1"]
[WhiteTeam "Germany"]
[BlackTeam "United States"]
[WhiteTeamCountry "GER"]
[BlackTeamCountry "USA"]

1. d4 Nf6 2. c4 c5 3. d5 e6 4. Nc3 exd5 5. cxd5 d6 6. e4 g6 7. f4 Bg7 8. Bb5+ Nfd7 9. Nf3 a6 10. Bd3 b5 11. 0-0 0-0 12. Kh1 Bb7 13. a3 Nb6 14. f5 N8d7 15. Bg5 Nf6 16. Qd2 Qc7 17. Qf4 b4 18. axb4 cxb4 19. Ne2 Nbxd5 20. exd5 Nxd5 21. Qd2 Rfe8 22. Rac1 Qb6 23. fxg6 hxg6 24. Bc4 Nf6 25. Bxf6 Bxf6 26. Nf4 Rad8 27. Bd5 Qb5 28. Bxb7 Qxb7 29. Nd5 Bxb2 30. Rc7 Qb5 31. Rf2 Bg7 32. Rxf7 b3 33. Ng5 1-0

[Event "NATO-ch 30th"]
[Site "Berlin"]
[Date "2019.09.17"]
[Round "2.31"]
[White "Ivsek, Cveto"]
[Black "Randall, Gordon J"]
[Result "0-1"]
[WhiteElo "1755"]
[BlackElo "1975"]
[PlyCount "82"]
[EventDate "2019.09.14"]
[EventType "team-swiss"]
[EventRounds "7"]
[EventCountry "GER"]
[SourceTitle "EXT 2020"]
[Source "ChessBase"]
[SourceDate "2019.10.17"]
[SourceVersion "1"]
[SourceVersionDate "2019.10.17"]
[SourceQuality "1"]
[WhiteTeam "Slovenia"]
[BlackTeam "United States"]
[WhiteTeamCountry "SLO"]
[BlackTeamCountry "USA"]

1. d4 Nf6 2. c4 c5 3. d5 e6 4. Nc3 exd5 5. cxd5 d6 6. e4 g6 7. Nf3 a6 8. a4 Bg4 9. h3 Bxf3 10. Qxf3 Bg7 11. Bd3 0-0 12. 0-0 Nbd7 13. Bf4 Ne8 14. g4 Qb6 15. Qe2 Ne5 16. a5 Qd8 17. Bg3 Rc8 18. f4 Nxd3 19. Qxd3 c4 20. Qd2 Rc5 21. Ne2 Nf6 22. Qc2 Re8 23. Bh4 Qc7 24. Bxf6 Bxf6 25. Ra4 Rc8 26. Rc1 Rxa5 27. Rxc4 Qb6+ 28. Kg2 Rxc4 29. Qxc4 Rc5 30. Qa2 Rxc1 31. Nxc1 Qe3 32. Qc4 Qxf4 33. b3 Be5 34. Nd3 Qg3+ 35. Kf1 Qxh3+ 36. Ke1 Bg3+ 37. Kd2 Qxg4 38. e5 Qg5+ 39. Kc2 Bxe5 40. Qc8+ Kg7 41. Nxe5 Qxe5 0-1

[Event "NATO-ch 29th"]
[Site "Lubbock"]
[Date "2018.06.07"]
[Round "6"]
[White "Randall, Gordon J"]
[Black "Andersen, Hans Christoph"]
[Result "0-1"]
[WhiteElo "2029"]
[BlackElo "2213"]
[PlyCount "84"]
[EventDate "2018.06.04"]
[EventType "swiss"]
[EventRounds "7"]
[EventCountry "USA"]
[SourceTitle "EXT 2019"]
[Source "ChessBase"]
[SourceDate "2018.10.10"]
[SourceVersion "1"]
[SourceVersionDate "2018.10.10"]
[SourceQuality "1"]

1. d4 d5 2. c4 c6 3. Nf3 Nf6 4. Nc3 dxc4 5. a4 Bf5 6. Ne5 Nbd7 7. Nxc4 Qc7 8. g3 e5 9. dxe5 Nxe5 10. Bf4 Nfd7 11. Bg2 f6 12. Nxe5 Nxe5 13. 0-0 Rd8 14. Qb3 Qf7 15. Qxf7+ Kxf7 16. Be3 a6 17. f4 Nc4 18. Bf2 Nxb2 19. g4 Bc8 20. Ne4 Nc4 21. Rfc1 Nd6 22. Rab1 Nxe4 23. Bxe4 Bd6 24. Rc4 Bc7 25. Bf3 Rhe8 26. h4 Re7 27. Bc5 Red7 28. Be3 Rd1+ 29. Rxd1 Rxd1+ 30. Kf2 Ba5 31. f5 Be1+ 32. Kg2 Bxh4 33. Bc5 Be1 34. Re4 Rd7 35. Re6 Ba5 36. Be4 Bd8 37. Bb1 Rd1 38. Ba2 Bxe6 39. Bxe6+ Ke8 40. Bc8 b6 41. Be3 Ra1 42. Bxa6 Rxa4 0-1

[Event "NATO-ch 28th"]
[Site "Budapest"]
[Date "2017.03.30"]
[Round "5"]
[White "Andersen, Hans Christoph"]
[Black "Randall, Gordon J"]
[Result "1-0"]
[WhiteElo "2205"]
[BlackElo "1970"]
[PlyCount "74"]
[EventDate "2017.03.27"]
[EventType "swiss"]
[EventRounds "7"]
[EventCountry "HUN"]
[SourceTitle "CBM 177 Extra"]
[Source "ChessBase"]
[SourceDate "2017.04.27"]
[SourceVersion "1"]
[SourceVersionDate "2017.04.27"]
[SourceQuality "1"]

1. d4 Nf6 2. c4 c5 3. d5 e6 4. Nc3 exd5 5. cxd5 d6 6. g3 g6 7. Bg2 Bg7 8. Nf3 0-0 9. 0-0 Re8 10. Bf4 a6 11. a4 Nh5 12. Bg5 Qc7 13. Qd2 Nd7 14. Rfc1 Rb8 15. Rab1 b5 16. axb5 axb5 17. b4 c4 18. Nd4 Ba6 19. Ra1 Qb6 20. Nc6 Ra8 21. Be3 Qb7 22. Ra5 Ne5 23. Rca1 Qc8 24. Na7 Rxa7 25. Bxa7 Bb7 26. h3 f5 27. Bd4 Nf6 28. Rxb5 Ba8 29. Ra7 Ned7 30. Rba5 Bb7 31. Bf3 Bf8 32. Ra1 Kf7 33. Re1 Ne5 34. Bg2 h6 35. Kh2 g5 36. e4 Nd3 37. Re2 Nxb4 1-0

[Event "NATO-ch 27th"]
[Site "Shrivenham"]
[Date "2016.08.26"]
[Round "7"]
[White "Randall, Gordon J"]
[Black "Van den Heuvel, Tonnie"]
[Result "1/2-1/2"]
[WhiteElo "1931"]
[BlackElo "1853"]
[PlyCount "37"]
[EventDate "2016.08.22"]
[EventType "swiss"]
[EventRounds "7"]
[EventCountry "ENG"]
[SourceTitle "EXT 2018"]
[Source "ChessBase"]
[SourceDate "2017.10.13"]
[SourceVersion "1"]
[SourceVersionDate "2017.10.13"]
[SourceQuality "1"]

1. d4 e6 2. Nf3 b6 3. e4 Bb7 4. Bd3 Nf6 5. Qe2 d5 6. e5 Nfd7 7. Ng5 Be7 8. Nxe6 fxe6 9. Qh5+ Kf8 10. Bxh7 Qe8 11. Qh3 Qf7 12. 0-0 Ke8 13. Bg6 Rxh3 14. Bxf7+ Kxf7 15. gxh3 c5 16. c3 Nc6 17. Be3 Ba6 18. Rc1 Bd3 19. Nd2 1/2-1/2

[Event "NATO-ch 27th"]
[Site "Shrivenham"]
[Date "2016.08.25"]
[Round "5"]
[White "Randall, Gordon J"]
[Black "Sherpa, Ngadi"]
[Result "1-0"]
[WhiteElo "1931"]
[BlackElo "1780"]
[PlyCount "79"]
[EventDate "2016.08.22"]
[EventType "swiss"]
[EventRounds "7"]
[EventCountry "ENG"]
[SourceTitle "EXT 2018"]
[Source "ChessBase"]
[SourceDate "2017.10.13"]
[SourceVersion "1"]
[SourceVersionDate "2017.10.13"]
[SourceQuality "1"]

1. d4 c6 2. e4 d5 3. e5 Bf5 4. Nf3 Bg4 5. Be3 Qb6 6. Nbd2 e6 7. Be2 Nd7 8. 0-0 Qc7 9. Re1 a6 10. h3 Bh5 11. c4 f6 12. exf6 gxf6 13. cxd5 cxd5 14. Ng5 Bxe2 15. Nxe6 Bxd1 16. Nxc7+ Kd8 17. Bf4 Bh5 18. Nxa8 Bh6 19. Nc7 Bf7 20. Ne6+ Bxe6 21. Bxh6 Nxh6 22. Rxe6 Nf7 23. Nf3 h6 24. a4 Rg8 25. a5 Rg6 26. Rc1 h5 27. Rc3 Rg7 28. Rb3 Kc7 29. Re7 Kc6 30. Kf1 Kd6 31. Rxd7+ Kxd7 32. Rxb7+ Kc8 33. Ra7 Kb8 34. Rxa6 Ng5 35. Rxf6 Ne4 36. Rb6+ Ka7 37. Ne5 Rg8 38. Nc6+ Ka8 39. a6 Rf8 40. a7 1-0